000
00422nam a2200181Ia 4500
008
090124s9999 xx 000 0 und d
082
_b
41456
100
_a
xyz
245
_a
डॉ. हेडगेवार
250
_a
4
260
_c
1955
300
_a
144
600
_a
xyz
630
_a
डॉ. हेडगेवार
700
_a
xyz
730
_a
डॉ. हेडगेवार
942
_c
BOOK
999
_c
107596
_d
107596